| 000 | 00607nam a22001817a 4500 | ||
|---|---|---|---|
| 003 | OSt | ||
| 005 | 20251217054341.0 | ||
| 008 | 251217b |||||||| |||| 00| 0 eng d | ||
| 020 | _a971-92268-5-4. | ||
| 040 |
_aDWCL-Main lib _cOC |
||
| 082 | _aFil. 621.381 As961e 2001 | ||
| 100 | _aJoel T. Asubar | ||
| 245 |
_aElectronics engineering reviewer for today's ECE licensure examination _cJoel T. Asubar |
||
| 260 |
_a[S.l.] : _bPadilla Engineering Review Center, _cc2001. |
||
| 300 |
_ax, 400 pages ; _c21 cm. |
||
| 650 | _21. Electronic engineering-Problems, exercises, etc. | ||
| 942 |
_2ddc _cBK - FIL _kFil. _n0 |
||
| 999 |
_c7163 _d7163 |
||